000 00522nam a22001931a 4500
001 11682
003 OSt
005 20260204212251.0
008 130507s2006||||ck ||||||b||||||||||spa||
020 _a9588200652
050 _a330 P273e
100 _aPaternostro Matero, Jose Antonio
245 _aEconomia para no economistas / Jose Antonio Paternostro Matero
264 _aColombia: Universidad Sergio Arboledo
300 _a392 P
500 _aIncluye bibliografia
650 _aECONOMIA I-TilÌ
942 _2ddc
_cBK
999 _c11682
_d11682